000 00323nam a2200109Ia 4500
005 20260328104313.0
008 260328s9999||||xx |||||||||||||| ||und||
100 _aDersin, Denise
245 0 _aWhat Life was Like among druids and High Kings Celtic Ireland AD 400- 1200 /
_cDenise Dersin
260 _bTime Life
942 _cREF
999 _c11051
_d11051